Las doctrinas del P. Manuel Lacunza contenidas en su obra La venida del Mesías en gloria y majestad. Por Miguel Rafael Urzúa, Presbítero

Guardat en:
Dades bibliogràfiques
Autor principal: Urzúa, Miguel Rafael (Autor)
Format: Llibre
Idioma:espanyol
Publicat: Santiago Sociedad Imprenta y Litografía Universo 1917
Edició:1a. ed
Matèries:
Etiquetes: Afegir etiqueta
Sense etiquetes, Sigues el primer a etiquetar aquest registre!

MARC

LEADER 00000nam a2200000 a 4500
001 UCJ6249
003 CL-VaPUC
008 070124e19170000CL |||||||||||||||||spa|d
082 0 4 |a 236  |b URZ  |2 21 
100 0 |a Urzúa, Miguel Rafael  |e author  |9 512661 
245 1 4 |a Las doctrinas del P. Manuel Lacunza contenidas en su obra La venida del Mesías en gloria y majestad. Por Miguel Rafael Urzúa, Presbítero 
246 1 3 |a La venida del Mesías en gloria y majestad 
250 |a 1a. ed 
300 |a 359 p 
942 |c BK 
945 |d 20070124 00:00:00  |a rinostro 
260 |a Santiago  |b Sociedad Imprenta y Litografía Universo  |c 1917 
500 |a Front., retrato del Padre Lacunza 
600 0 |a Lacunza y Díaz, Manuel  |d 1731-1801  |q Ben-Ezra, Juan Josafat   |9 505297 
650 0 |a Escatología  |9 314395 
650 7 |a MILENARISMO  |2 CL-VaPUC  |9 512662 
650 0 |a Iconografía   |9 267998 
650 0 |a Exégesis bíblica  |9 412524 
650 0 |a Sagradas escrituras  |9 349657 
650 0 |a Iconografía   |9 267998 
583 |a last modification  |c 20070124 00:00:00  |k Rodrigo Vera 
999 |c 322357  |d 322355 
952 |0 0  |1 0  |4 0  |6 236_000000000000000_URZ_1917  |7 0  |8 X  |9 401326  |a FDOBUD  |b FDOBUD  |d 2019-11-22  |i 1044915  |o 236 URZ 1917  |p 1044915  |r 2019-11-22  |w 2019-11-22  |y BK_X  |k BUD